[Event "Langley op"]
[Site "Langley CAN"]
[Date "2013.09.02"]
[Round "6"]
[White "Villavieja, Butch"]
[Black "Piasetski, Leon"]
[Result "1/2-1/2"]
[WhiteElo "2217"]
[BlackElo "2390"]
[PlyCount "162"]
[GameId "2160767909229694"]
[EventDate "2013.08.31"]
[EventType "swiss"]
[EventRounds "6"]
[EventCountry "CAN"]
[SourceTitle "EXT 2022"]
[Source "ChessBase"]
[SourceDate "2021.10.06"]
[SourceVersion "1"]
[SourceVersionDate "2021.10.06"]
[SourceQuality "1"]

1. e4 c5 2. Nf3 e6 3. d4 cxd4 4. Nxd4 a6 5. Bd3 Bc5 6. Nb3 Be7 7. c4 d6 8. Nc3 Nf6 9. Be3 h5 10. h3 b6 11. O-O Bb7 12. f4 Nbd7 13. Qe2 h4 14. Qf2 Nh5 15. Rfe1 e5 16. f5 Bg5 17. Nd5 Bxe3 18. Qxe3 Bxd5 19. cxd5 Nf4 20. Bf1 Qg5 21. Rac1 Nc5 22. Nxc5 bxc5 23. Qf3 O-O 24. Kh2 Rfb8 25. b3 a5 26. Bc4 a4 27. Rc2 Rb4 28. Rg1 Nh5 29. Qg4 Qxg4 30. hxg4 Nf6 31. Re1 g5 32. fxg6 fxg6 33. g5 Nh7 34. Kh3 Nxg5+ 35. Kxh4 Nh7 36. Rf2 axb3 37. axb3 Rbb8 38. g3 Kg7 39. Ref1 Rf8 40. Rxf8 Rxf8 41. Ra1 Rf3 42. Ra6 Nf6 43. Rxd6 Nxe4 44. Rd7+ Kh6 45. Kh3 Rxg3+ 46. Kh2 Rf3 47. Re7 Rf6 48. Rxe5 Nd6 49. Be2 Rf5 50. Rxf5 gxf5 51. Kg3 Kg5 52. Kf3 Nf7 53. Ke3 Kf6 54. Bh5 Ne5 55. Be8 Ke7 56. Bb5 Kd6 57. Bc4 Ng6 58. Kd3 Nf4+ 59. Ke3 Nxd5+ 60. Kf3 Ke5 61. Ba6 Nb4 62. Bc4 Nc2 63. Bg8 f4 64. Kf2 Nd4 65. Bf7 Ke4 66. Bg6+ Nf5 67. Bh7 Ke5 68. Bg8 Nh4 69. Bh7 Kf6 70. Be4 Kg5 71. Ke2 Ng6 72. Kf2 Ne5 73. Bd5 Kf5 74. Bg8 Ke4 75. Bh7+ Kd4 76. Bg8 f3 77. Bh7 Kc3 78. Bg8 Nd3+ 79. Kxf3 Nc1 80. Ke3 Nxb3 81. Bf7 Nd4 1/2-1/2

[Event "MCA Champions"]
[Site "Winnipeg CAN"]
[Date "2013.10.12"]
[Round "6"]
[White "Wasserman, Leor"]
[Black "Green, Jim"]
[Result "1-0"]
[WhiteElo "1699"]
[BlackElo "1930"]
[PlyCount "66"]
[GameId "2160767909224905"]
[EventDate "2013.11.05"]
[EventType "swiss"]
[EventRounds "6"]
[EventCountry "CAN"]
[SourceTitle "EXT 2019"]
[Source "ChessBase"]
[SourceDate "2018.10.10"]
[SourceVersion "1"]
[SourceVersionDate "2018.10.10"]
[SourceQuality "1"]

1. e4 Nf6 2. Nc3 e5 3. Bc4 Bb4 4. Qe2 O-O 5. Nf3 Bxc3 6. dxc3 d6 7. Bg5 Nbd7 8. O-O h6 9. Bh4 Nb6 10. Bb3 Be6 11. Bxe6 fxe6 12. Rad1 Qe8 13. c4 Qc6 14. Bxf6 Rxf6 15. b3 Raf8 16. Nh4 Kh7 17. g3 g5 18. Ng2 Nd7 19. f3 Nc5 20. Ne3 h5 21. b4 Na4 22. Rd3 Nb6 23. Rdd1 Na4 24. Rd3 Nb6 25. Rd2 Kg6 26. h3 a6 27. Kg2 Nc8 28. Qd3 b5 29. cxb5 axb5 30. Rdf2 Nb6 31. f4 exf4 32. gxf4 gxf4 33. Nd5 e5 1-0

[Event "Manitoba-ch"]
[Site "Winnipeg CAN"]
[Date "2013.05.04"]
[Round "1"]
[White "Kaptsan, Aron"]
[Black "Li, Kevin"]
[Result "1/2-1/2"]
[WhiteElo "2040"]
[BlackElo "2224"]
[PlyCount "69"]
[GameId "2160767909356215"]
[EventDate "2013.05.04"]
[EventType "k.o."]
[EventRounds "3"]
[EventCountry "CAN"]
[SourceTitle "EXT 2019"]
[Source "ChessBase"]
[SourceDate "2018.10.10"]
[SourceVersion "1"]
[SourceVersionDate "2018.10.10"]
[SourceQuality "1"]

1. d4 f5 2. c4 Nf6 3. Nc3 e6 4. Bg5 Be7 5. e3 d5 6. Nf3 c6 7. Bd3 O-O 8. O-O h6 9. Bxf6 Rxf6 10. Qc2 Bd7 11. Ne5 Bd6 12. f4 Bxe5 13. fxe5 Rf7 14. a3 Be8 15. Rac1 Re7 16. b4 a6 17. Qf2 Nd7 18. Qf4 g5 19. Qf2 h5 20. h4 Rg7 21. hxg5 Qxg5 22. Ne2 Nf8 23. Nf4 Rd8 24. cxd5 cxd5 25. Nh3 Qg4 26. Nf4 Qg5 27. Rc2 Ba4 28. Rc3 Re8 29. Rfc1 Ng6 30. b5 Bxb5 31. Bxb5 axb5 32. Rc8 Rge7 33. R1c7 Rxc8 34. Rxc8+ Kh7 35. Rc5 1/2-1/2

[Event "Manitoba-ch"]
[Site "Winnipeg CAN"]
[Date "2013.05.04"]
[Round "1"]
[White "Vincent, Trevor"]
[Black "Wasserman, Leor"]
[Result "1-0"]
[WhiteElo "2353"]
[BlackElo "1965"]
[PlyCount "89"]
[GameId "2160767909356217"]
[EventDate "2013.05.04"]
[EventType "k.o."]
[EventRounds "3"]
[EventCountry "CAN"]
[SourceTitle "EXT 2019"]
[Source "ChessBase"]
[SourceDate "2018.10.10"]
[SourceVersion "1"]
[SourceVersionDate "2018.10.10"]
[SourceQuality "1"]

1. c4 c5 2. g3 g6 3. Bg2 Bg7 4. Nc3 Nc6 5. Nf3 Nf6 6. d4 cxd4 7. Nxd4 O-O 8. O-O Qb6 9. Nc2 d6 10. b3 Bd7 11. e4 Rac8 12. Bg5 Be6 13. Nd5 Bxd5 14. exd5 Ne5 15. Qd2 Rfe8 16. Be3 Qc7 17. Nd4 a6 18. h3 Ned7 19. Rac1 Nf8 20. Rfd1 N6d7 21. b4 e5 22. dxe6 fxe6 23. Nf3 Nb6 24. Bxb6 Qxb6 25. Qxd6 Rc6 26. Qd2 Rc7 27. c5 Qb5 28. Bf1 Qa4 29. Bc4 Rd7 30. Bb3 Qc6 31. Qe2 Rde7 32. Rd6 Qc8 33. Rcd1 Kh8 34. Ba4 e5 35. Bxe8 Qxe8 36. Rd8 Qc6 37. R1d6 Qa4 38. Qe4 Qxa2 39. Ng5 Qb2 40. Qf3 Kg8 41. Qd5+ Kh8 42. Nf7+ Rxf7 43. Qxf7 Qc1+ 44. Kh2 Qh6 45. Rf6 1-0

[Event "Manitoba-ch"]
[Site "Winnipeg CAN"]
[Date "2013.06.11"]
[Round "1"]
[White "Wasserman, Leor"]
[Black "Vincent, Trevor"]
[Result "0-1"]
[WhiteElo "1965"]
[BlackElo "2353"]
[PlyCount "60"]
[GameId "2160767909356220"]
[EventDate "2013.05.04"]
[EventType "k.o."]
[EventRounds "3"]
[EventCountry "CAN"]
[SourceTitle "EXT 2019"]
[Source "ChessBase"]
[SourceDate "2018.10.10"]
[SourceVersion "1"]
[SourceVersionDate "2018.10.10"]
[SourceQuality "1"]

1. e4 c5 2. Nf3 e6 3. d4 cxd4 4. Nxd4 Nc6 5. Nb5 d6 6. Bf4 e5 7. Be3 Nf6 8. N1c3 a6 9. Na3 Rb8 10. Nd5 Nxd5 11. exd5 Ne7 12. c4 Nf5 13. Nc2 Be7 14. Bd3 O-O 15. O-O Nxe3 16. Nxe3 f5 17. Kh1 Bg5 18. Nc2 Qf6 19. b4 Bd7 20. Rb1 Ba4 21. b5 e4 22. Be2 Qc3 23. Qd4 Qxc2 24. Rb2 Bf6 25. Rxc2 Bxd4 26. Rcc1 axb5 27. cxb5 Rbc8 28. Rb1 Bc2 29. Rb4 Bc3 30. Rc4 Bd3 0-1

[Event "Manitoba-ch"]
[Site "Winnipeg CAN"]
[Date "2013.07.06"]
[Round "2"]
[White "Li, Kevin"]
[Black "Babb, Jeff"]
[Result "1-0"]
[WhiteElo "2224"]
[BlackElo "2164"]
[PlyCount "109"]
[GameId "2160767909356221"]
[EventDate "2013.05.04"]
[EventType "k.o."]
[EventRounds "3"]
[EventCountry "CAN"]
[SourceTitle "EXT 2019"]
[Source "ChessBase"]
[SourceDate "2018.10.10"]
[SourceVersion "1"]
[SourceVersionDate "2018.10.10"]
[SourceQuality "1"]

1. e4 e5 2. Nc3 Nf6 3. Bc4 Nc6 4. d3 Na5 5. Bb3 Nxb3 6. axb3 Be7 7. Nf3 d6 8. h3 h6 9. Qe2 Nh7 10. d4 exd4 11. Nxd4 O-O 12. O-O c6 13. Rd1 Qc7 14. Bf4 Bf6 15. Qd3 Be5 16. Bxe5 dxe5 17. Nf3 Ng5 18. Nxg5 hxg5 19. Qe3 g4 20. hxg4 Bxg4 21. f3 Be6 22. Rxa7 Rad8 23. Raa1 Rxd1+ 24. Rxd1 Rd8 25. Rxd8+ Qxd8 26. Kf1 Qa5 27. Ke2 Qa1 28. Nd1 Qa6+ 29. Qd3 Qa5 30. Ne3 Qa1 31. Qd8+ Kh7 32. Nd1 Qa6+ 33. Qd3 Qa5 34. Qc3 Qa6+ 35. Ke1 Qb6 36. Qe3 Qa5+ 37. Qd2 Qc5 38. Ne3 Qe7 39. Kd1 Kg8 40. b4 Qh4 41. b3 Qh2 42. Qd8+ Kh7 43. Qe7 Qf4 44. Ke2 g5 45. Qxb7 g4 46. Qxc6 gxf3+ 47. gxf3 Qh2+ 48. Kd3 Qf4 49. Qc5 Kg7 50. b5 f6 51. b6 Qxf3 52. Qe7+ Bf7 53. b7 f5 54. Qxe5+ Kh6 55. Qxf5 1-0

[Event "Manitoba-ch"]
[Site "Winnipeg CAN"]
[Date "2013.07.06"]
[Round "2"]
[White "Vincent, Trevor"]
[Black "Dawa, Arvin"]
[Result "1-0"]
[WhiteElo "2353"]
[BlackElo "2152"]
[PlyCount "71"]
[GameId "2160767909356222"]
[EventDate "2013.05.04"]
[EventType "k.o."]
[EventRounds "3"]
[EventCountry "CAN"]
[SourceTitle "EXT 2019"]
[Source "ChessBase"]
[SourceDate "2018.10.10"]
[SourceVersion "1"]
[SourceVersionDate "2018.10.10"]
[SourceQuality "1"]

1. c4 Nf6 2. g3 g6 3. Bg2 Bg7 4. Nc3 O-O 5. e4 d6 6. Nge2 Nc6 7. O-O e5 8. d3 a6 9. h3 Nd4 10. Nxd4 exd4 11. Ne2 c5 12. b4 Rb8 13. bxc5 dxc5 14. Bf4 Ra8 15. Rb1 Re8 16. a4 Nd7 17. Bd2 Ne5 18. Nf4 Rb8 19. Qc2 g5 20. Nh5 Bh8 21. f4 gxf4 22. Bxf4 Bd7 23. Qd2 Re6 24. a5 b5 25. axb6 Rexb6 26. Bg5 f6 27. Nxf6+ Bxf6 28. Bxf6 Rxf6 29. Qg5+ Kf7 30. Qxe5 Rxb1 31. Qd5+ Kg7 32. Rxb1 Qc8 33. Rb7 Rf7 34. Qe5+ Rf6 35. Qg5+ Rg6 36. Qe7+ 1-0

[Event "Manitoba-ch"]
[Site "Winnipeg CAN"]
[Date "2013.08.13"]
[Round "2"]
[White "Babb, Jeff"]
[Black "Li, Kevin"]
[Result "1/2-1/2"]
[WhiteElo "2164"]
[BlackElo "2224"]
[PlyCount "83"]
[GameId "2160767909356223"]
[EventDate "2013.05.04"]
[EventType "k.o."]
[EventRounds "3"]
[EventCountry "CAN"]
[SourceTitle "EXT 2019"]
[Source "ChessBase"]
[SourceDate "2018.10.10"]
[SourceVersion "1"]
[SourceVersionDate "2018.10.10"]
[SourceQuality "1"]

1. e4 c5 2. Nc3 Nc6 3. g3 g6 4. Bg2 Bg7 5. d3 d6 6. f4 Nf6 7. Nf3 Bg4 8. h3 Bxf3 9. Qxf3 Nd4 10. Qf2 e6 11. O-O Nd7 12. Nd1 O-O 13. c3 Nc6 14. Ne3 Rc8 15. g4 b5 16. Bd2 Nb6 17. f5 Bf6 18. g5 Bxg5 19. f6 Nd7 20. Ng4 Bxd2 21. Qxd2 Kh8 22. Rf2 Nce5 23. Raf1 Nxg4 24. hxg4 Ne5 25. Bh3 g5 26. d4 cxd4 27. cxd4 Nc4 28. Qxg5 Rg8 29. Qh4 Rg6 30. b3 Ne3 31. Re1 Nxg4 32. Bxg4 Qg8 33. Rg2 Rc2 34. Rxc2 Rxg4+ 35. Qxg4 Qxg4+ 36. Rg2 Qf3 37. e5 Qf4 38. Rd1 Qe3+ 39. Rf2 dxe5 40. dxe5 h5 41. Rd8+ Kh7 42. Rf8 1/2-1/2

[Event "Manitoba-ch"]
[Site "Winnipeg CAN"]
[Date "2013.08.13"]
[Round "2"]
[White "Dawa, Arvin"]
[Black "Vincent, Trevor"]
[Result "0-1"]
[WhiteElo "2152"]
[BlackElo "2353"]
[PlyCount "52"]
[GameId "2160767909356224"]
[EventDate "2013.05.04"]
[EventType "k.o."]
[EventRounds "3"]
[EventCountry "CAN"]
[SourceTitle "EXT 2019"]
[Source "ChessBase"]
[SourceDate "2018.10.10"]
[SourceVersion "1"]
[SourceVersionDate "2018.10.10"]
[SourceQuality "1"]

1. d4 Nf6 2. c4 g6 3. Nc3 d5 4. cxd5 Nxd5 5. e4 Nxc3 6. bxc3 Bg7 7. Be3 c5 8. Bb5+ Nc6 9. Ne2 O-O 10. O-O Qc7 11. dxc5 Ne5 12. f3 Rd8 13. Qc1 a6 14. Ba4 Bd7 15. Bxd7 Rxd7 16. Rd1 Nd3 17. Qa3 Rad8 18. Rab1 Nf4 19. Nd4 Ne2+ 20. Kf2 Qxh2 21. Kxe2 e5 22. c6 bxc6 23. Nxc6 Qxg2+ 24. Bf2 Rxd1 25. Rxd1 Rxd1 26. Kxd1 Qxf3+ 0-1

[Event "Manitoba-ch"]
[Site "Winnipeg CAN"]
[Date "2013.08.20"]
[Round "3"]
[White "Vincent, Trevor"]
[Black "Li, Kevin"]
[Result "1-0"]
[WhiteElo "2353"]
[BlackElo "2224"]
[PlyCount "67"]
[GameId "2160767909356225"]
[EventDate "2013.05.04"]
[EventType "k.o."]
[EventRounds "3"]
[EventCountry "CAN"]
[SourceTitle "EXT 2019"]
[Source "ChessBase"]
[SourceDate "2018.10.10"]
[SourceVersion "1"]
[SourceVersionDate "2018.10.10"]
[SourceQuality "1"]

1. c4 Nf6 2. g3 g6 3. Bg2 Bg7 4. Nc3 O-O 5. e4 c5 6. Nge2 Nc6 7. O-O d6 8. d3 Ne8 9. Be3 Nd4 10. Rb1 a5 11. a3 Nc7 12. b4 axb4 13. axb4 Nce6 14. f4 Ra3 15. f5 Nc7 16. Qd2 Nxe2+ 17. Nxe2 Na6 18. Bh6 cxb4 19. Bxg7 Kxg7 20. Rxb4 Qa5 21. Qb2+ Kg8 22. Rb5 Ra2 23. Qc3 Qa3 24. Rb3 Qa5 25. d4 Qxc3 26. Nxc3 Rd2 27. Rd1 Rxd1+ 28. Nxd1 gxf5 29. exf5 Bxf5 30. Rxb7 Re8 31. Ne3 Bc8 32. Rb6 Nc7 33. Bc6 Rd8 34. Rb8 1-0

[Event "Manitoba-ch"]
[Site "Winnipeg CAN"]
[Date "2013.08.24"]
[Round "3"]
[White "Li, Kevin"]
[Black "Vincent, Trevor"]
[Result "1/2-1/2"]
[WhiteElo "2224"]
[BlackElo "2353"]
[PlyCount "61"]
[GameId "2160767909356226"]
[EventDate "2013.05.04"]
[EventType "k.o."]
[EventRounds "3"]
[EventCountry "CAN"]
[SourceTitle "EXT 2019"]
[Source "ChessBase"]
[SourceDate "2018.10.10"]
[SourceVersion "1"]
[SourceVersionDate "2018.10.10"]
[SourceQuality "1"]

1. e4 c5 2. Nf3 e6 3. c3 Nf6 4. e5 Nd5 5. d4 cxd4 6. cxd4 d6 7. Nc3 Nxc3 8. bxc3 dxe5 9. Nxe5 Nc6 10. Nxc6 bxc6 11. Be2 Be7 12. Bf3 O-O 13. O-O Qa5 14. Bf4 Ba6 15. Re1 Qxc3 16. Rc1 Qa5 17. Re5 Qa3 18. Re3 Qa5 19. Rxc6 Bb7 20. Rc1 Bxf3 21. Rxf3 Rac8 22. h3 Rxc1 23. Qxc1 Qxa2 24. Qc7 Bf6 25. Bd6 Qa1+ 26. Kh2 Qxd4 27. Rf4 Qb6 28. Qxb6 axb6 29. Rb4 Rd8 30. Bc7 Rc8 31. Bxb6 1/2-1/2

[Event "March of Kings"]
[Site "Calgary CAN"]
[Date "2013.03.09"]
[Round "1"]
[White "Bogoev, Yassen"]
[Black "Stacey, George"]
[Result "1-0"]
[WhiteElo "1840"]
[BlackElo "876"]
[PlyCount "37"]
[GameId "2160767909381358"]
[EventDate "2013.03.09"]
[EventType "swiss"]
[EventRounds "5"]
[EventCountry "CAN"]
[SourceTitle "EXT 2022"]
[Source "ChessBase"]
[SourceDate "2021.10.06"]
[SourceVersion "1"]
[SourceVersionDate "2021.10.06"]
[SourceQuality "1"]

1. e4 c6 2. d4 d5 3. Nc3 dxe4 4. Nxe4 Nd7 5. Bc4 Ngf6 6. Ng5 Nd5 7. N1f3 e6 8. Bd3 N7f6 9. Ne5 Qc7 10. Ngxf7 Rg8 11. c4 Bb4+ 12. Bd2 Bxd2+ 13. Qxd2 Nb6 14. Qb4 a5 15. Qa3 Nbd7 16. Nd6+ Kd8 17. Nef7+ Ke7 18. Nb5+ Kxf7 19. Nxc7 1-0

[Event "March of Kings"]
[Site "Calgary CAN"]
[Date "2013.03.09"]
[Round "1"]
[White "Li, Zeling"]
[Black "Shi, Diwen"]
[Result "0-1"]
[WhiteElo "1058"]
[BlackElo "1913"]
[PlyCount "70"]
[GameId "2160767909381359"]
[EventDate "2013.03.09"]
[EventType "swiss"]
[EventRounds "5"]
[EventCountry "CAN"]
[SourceTitle "EXT 2022"]
[Source "ChessBase"]
[SourceDate "2021.10.06"]
[SourceVersion "1"]
[SourceVersionDate "2021.10.06"]
[SourceQuality "1"]

1. e4 c5 2. Nf3 d6 3. Bc4 Nc6 4. d3 Nf6 5. Nc3 g6 6. Bg5 Bg7 7. O-O O-O 8. d4 cxd4 9. Nxd4 Bd7 10. Nce2 Rc8 11. Bb3 Nxe4 12. Nxc6 Bxc6 13. Bc1 Qc7 14. Nf4 Nf6 15. Re1 Rfe8 16. Qe2 e5 17. Nd3 d5 18. Bg5 e4 19. Nb4 Qe5 20. Bc1 h5 21. Nd3 Qf5 22. Nf4 a6 23. a4 Rcd8 24. g3 Ng4 25. c3 Ne5 26. Rd1 Nf3+ 27. Kh1 g5 28. g4 Qxg4 29. Qf1 gxf4 30. Qg2 Qh4 31. Bd2 e3 32. Rg1 Qg4 33. Qxg4 hxg4 34. Rxg4 d4 35. Rxf4 Nxd2+ 0-1

[Event "March of Kings"]
[Site "Calgary CAN"]
[Date "2013.03.09"]
[Round "1"]
[White "Libre, Raphael"]
[Black "Sklenka, Steve"]
[Result "1-0"]
[WhiteElo "857"]
[BlackElo "1725"]
[PlyCount "57"]
[GameId "2160767909381360"]
[EventDate "2013.03.09"]
[EventType "swiss"]
[EventRounds "5"]
[EventCountry "CAN"]
[SourceTitle "EXT 2022"]
[Source "ChessBase"]
[SourceDate "2021.10.06"]
[SourceVersion "1"]
[SourceVersionDate "2021.10.06"]
[SourceQuality "1"]

1. e4 e5 2. Nf3 Nc6 3. Bc4 Bc5 4. Nc3 Nf6 5. d3 O-O 6. O-O h6 7. Be3 Bxe3 8. fxe3 Re8 9. Nd5 Na5 10. Nxf6+ Qxf6 11. Nd4 Qe7 12. Bxf7+ Kh8 13. Bxe8 Qxe8 14. Nb5 Qd8 15. Qh5 d6 16. Rf7 Be6 17. Rxc7 a6 18. Qg6 Qf6 19. Qxf6 gxf6 20. Nxd6 Kg8 21. Rf1 Rf8 22. b4 Nc6 23. a3 Nd8 24. Nxb7 Nxb7 25. Rxb7 Rf7 26. Rb6 Bc8 27. Rfxf6 Rxf6 28. Rxf6 Kg7 29. Rc6 1-0

[Event "March of Kings"]
[Site "Calgary CAN"]
[Date "2013.03.09"]
[Round "1"]
[White "Ng, Gary"]
[Black "Robertson, Trevor"]
[Result "1-0"]
[WhiteElo "2218"]
[BlackElo "1548"]
[PlyCount "51"]
[GameId "2160767909381362"]
[EventDate "2013.03.09"]
[EventType "swiss"]
[EventRounds "5"]
[EventCountry "CAN"]
[SourceTitle "EXT 2022"]
[Source "ChessBase"]
[SourceDate "2021.10.06"]
[SourceVersion "1"]
[SourceVersionDate "2021.10.06"]
[SourceQuality "1"]

1. b4 e6 2. Bb2 Nf6 3. a3 a6 4. c4 c5 5. bxc5 Bxc5 6. d4 Be7 7. Nc3 Qa5 8. e3 d5 9. c5 Nc6 10. Nf3 Ne4 11. Qb3 Nxc3 12. Bxc3 Qc7 13. Bd3 O-O 14. O-O Bf6 15. Rab1 Rb8 16. Qb6 Qxb6 17. Rxb6 Bd8 18. Rb2 b5 19. Rfb1 Bd7 20. a4 Ba5 21. Bxa5 Nxa5 22. Ne5 Be8 23. axb5 axb5 24. Bxb5 f6 25. Nd7 Bxd7 26. Bxd7 1-0

[Event "March of Kings"]
[Site "Calgary CAN"]
[Date "2013.03.09"]
[Round "1"]
[White "Nguyen, Kim"]
[Black "Ali, Abdelmanan"]
[Result "1-0"]
[WhiteElo "2204"]
[BlackElo "1489"]
[PlyCount "65"]
[GameId "2160767909381363"]
[EventDate "2013.03.09"]
[EventType "swiss"]
[EventRounds "5"]
[EventCountry "CAN"]
[SourceTitle "EXT 2022"]
[Source "ChessBase"]
[SourceDate "2021.10.06"]
[SourceVersion "1"]
[SourceVersionDate "2021.10.06"]
[SourceQuality "1"]

1. e4 d5 2. exd5 Nf6 3. Bb5+ Bd7 4. Be2 c6 5. d6 exd6 6. d4 Be7 7. c4 O-O 8. Nf3 Bg4 9. Nc3 Nbd7 10. O-O Re8 11. Be3 Nf8 12. h3 Bf5 13. d5 c5 14. Nd2 Ng6 15. g4 Bc8 16. Re1 h6 17. Nf1 Nh7 18. Bd3 Nh4 19. Nh2 f5 20. Qc2 Rf8 21. f4 Qd7 22. Bf2 g6 23. Re6 Qe8 24. Bxh4 Bxe6 25. Bxe7 Qxe7 26. Re1 Rf6 27. h4 fxg4 28. Bxg6 Rxf4 29. Bxh7+ Qxh7 30. Qxh7+ Kxh7 31. dxe6 Kg6 32. Nd5 Re8 33. Nxf4+ 1-0

[Event "March of Kings"]
[Site "Calgary CAN"]
[Date "2013.03.09"]
[Round "1"]
[White "Persaud, Hemant"]
[Black "Dave, Bhavik"]
[Result "1-0"]
[WhiteElo "1769"]
[BlackElo "1531"]
[PlyCount "61"]
[GameId "2160767909381364"]
[EventDate "2013.03.09"]
[EventType "swiss"]
[EventRounds "5"]
[EventCountry "CAN"]
[SourceTitle "EXT 2022"]
[Source "ChessBase"]
[SourceDate "2021.10.06"]
[SourceVersion "1"]
[SourceVersionDate "2021.10.06"]
[SourceQuality "1"]

1. e4 e5 2. Nf3 Nc6 3. Bb5 a6 4. Ba4 Nf6 5. O-O b5 6. Bb3 Be7 7. Re1 O-O 8. a4 Bb7 9. c3 Na5 10. Bc2 c5 11. Nxe5 d5 12. exd5 Nxd5 13. d4 cxd4 14. Qh5 g6 15. Nxg6 fxg6 16. Bxg6 hxg6 17. Qxg6+ Kh8 18. Re5 Nf6 19. Bg5 Nh7 20. Rxe7 Qxe7 21. Bxe7 Rae8 22. Qe6 Nc6 23. Nd2 Rxe7 24. Qb3 Re2 25. Nf3 Ne5 26. Nxe5 Rfxf2 27. Ng6+ Kg7 28. Nh4 Ng5 29. cxd4 Bxg2 30. Qg3 Kh6 31. Nxg2 1-0

[Event "March of Kings"]
[Site "Calgary CAN"]
[Date "2013.03.09"]
[Round "1"]
[White "Sequillion, Aaron"]
[Black "Bulga, Tamir"]
[Result "1-0"]
[WhiteElo "2124"]
[BlackElo "1284"]
[PlyCount "49"]
[GameId "2160767909381365"]
[EventDate "2013.03.09"]
[EventType "swiss"]
[EventRounds "5"]
[EventCountry "CAN"]
[SourceTitle "EXT 2022"]
[Source "ChessBase"]
[SourceDate "2021.10.06"]
[SourceVersion "1"]
[SourceVersionDate "2021.10.06"]
[SourceQuality "1"]

1. e4 c5 2. Nf3 Nc6 3. d4 cxd4 4. Nxd4 d6 5. Nc3 Nf6 6. Be2 g6 7. h4 h5 8. Be3 Bg7 9. Qd2 O-O 10. O-O-O Bd7 11. f3 a6 12. g4 Qc7 13. gxh5 Nxh5 14. f4 Ng3 15. Rhg1 Nxe2+ 16. Qxe2 e6 17. h5 Ne7 18. f5 exf5 19. hxg6 fxg6 20. Bg5 Rae8 21. Bxe7 Rxe7 22. Nd5 Qd8 23. Nxe7+ Qxe7 24. Rxg6 fxe4 25. Rdg1 1-0

[Event "March of Kings"]
[Site "Calgary CAN"]
[Date "2013.03.09"]
[Round "1"]
[White "Singh, Anjandeep"]
[Black "Robichaud, Martin"]
[Result "0-1"]
[WhiteElo "1458"]
[BlackElo "2206"]
[PlyCount "108"]
[GameId "2160767909381366"]
[EventDate "2013.03.09"]
[EventType "swiss"]
[EventRounds "5"]
[EventCountry "CAN"]
[SourceTitle "EXT 2022"]
[Source "ChessBase"]
[SourceDate "2021.10.06"]
[SourceVersion "1"]
[SourceVersionDate "2021.10.06"]
[SourceQuality "1"]

1. d4 d5 2. c4 e6 3. Nc3 Nf6 4. Bg5 Be7 5. e3 c5 6. Nf3 cxd4 7. Nxd4 O-O 8. Be2 Nc6 9. O-O Qa5 10. Nb3 Qd8 11. Qc2 Nb4 12. Qb1 dxc4 13. Bxc4 Qc7 14. Be2 Bd7 15. a3 Nc6 16. Rd1 Rfd8 17. Qc2 Rac8 18. Rac1 h6 19. Bh4 Na5 20. Nd4 Qb6 21. b4 Nc4 22. Qb3 Ne5 23. Bg3 Ng6 24. Bf3 e5 25. Nde2 Be6 26. Rxd8+ Qxd8 27. Qd1 Qb6 28. Nd5 Rxc1 29. Nxc1 Nxd5 30. Bxd5 Qd6 31. e4 Bg5 32. Ne2 Ne7 33. Nc3 Nxd5 34. Nxd5 Bxd5 35. Qxd5 Qxd5 36. exd5 Bf6 37. Kf1 Kf8 38. Ke2 Ke7 39. Kd3 g6 40. f4 exf4 41. Bxf4 Bg7 42. Ke4 f5+ 43. Kd3 b5 44. Be3 a6 45. Bd4 Bxd4 46. Kxd4 Kd6 47. g3 g5 48. h3 h5 49. h4 g4 50. Ke3 Kxd5 51. Kf4 Ke6 52. Kg5 Ke5 53. Kxh5 Kf6 54. Kh6 f4 0-1

[Event "March of Kings"]
[Site "Calgary CAN"]
[Date "2013.03.09"]
[Round "1"]
[White "Wilson, Robert"]
[Black "Daniluk, Jim"]
[Result "0-1"]
[WhiteElo "1416"]
[BlackElo "2048"]
[PlyCount "66"]
[GameId "2160767909381367"]
[EventDate "2013.03.09"]
[EventType "swiss"]
[EventRounds "5"]
[EventCountry "CAN"]
[SourceTitle "EXT 2022"]
[Source "ChessBase"]
[SourceDate "2021.10.06"]
[SourceVersion "1"]
[SourceVersionDate "2021.10.06"]
[SourceQuality "1"]

1. c4 e5 2. Nc3 Nf6 3. d3 d5 4. cxd5 Nxd5 5. g3 Nc6 6. Bg2 Nb6 7. Bxc6+ bxc6 8. Nf3 Bd6 9. e4 O-O 10. Bg5 f6 11. Qb3+ Kh8 12. Be3 Qe7 13. Nh4 Be6 14. Qd1 g6 15. Bh6 Rf7 16. O-O Qd7 17. f4 Bh3 18. f5 Bc5+ 19. Kh1 g5 20. Ng6+ Kg8 21. Nxe5 fxe5 22. Qh5 Bxf1 23. Qxg5+ Kh8 24. f6 Bxd3 25. Rd1 Bxe4+ 26. Nxe4 Qxd1+ 27. Kg2 Rg8 28. Bg7+ Rfxg7 29. fxg7+ Rxg7 30. Qxe5 Qe2+ 31. Kh3 Qf1+ 32. Kh4 Be7+ 33. Kh5 Qh3# 0-1

[Event "March of Kings"]
[Site "Calgary CAN"]
[Date "2013.03.09"]
[Round "1"]
[White "Zeggelaar, Mike"]
[Black "Wood, Deweese"]
[Result "1-0"]
[WhiteElo "1991"]
[BlackElo "1078"]
[PlyCount "55"]
[GameId "2160767909381368"]
[EventDate "2013.03.09"]
[EventType "swiss"]
[EventRounds "5"]
[EventCountry "CAN"]
[SourceTitle "EXT 2022"]
[Source "ChessBase"]
[SourceDate "2021.10.06"]
[SourceVersion "1"]
[SourceVersionDate "2021.10.06"]
[SourceQuality "1"]

1. d4 Nf6 2. c4 e6 3. Nf3 Bb4+ 4. Bd2 Bxd2+ 5. Qxd2 O-O 6. Nc3 c6 7. e4 Ng4 8. h3 Nf6 9. e5 Ne8 10. Bd3 g6 11. h4 Ng7 12. Qh6 f5 13. Ng5 Qxg5 14. hxg5 Kf7 15. O-O-O a5 16. g4 b6 17. gxf5 exf5 18. Rhe1 Ra7 19. d5 Bb7 20. e6+ dxe6 21. dxe6+ Kg8 22. e7 Re8 23. Bc2 Ba6 24. Rd8 Kf7 25. Rxe8 Kxe8 26. Qxg7 Nd7 27. Qxh7 Bxc4 28. Qh8+ 1-0

[Event "March of Kings"]
[Site "Calgary CAN"]
[Date "2013.03.09"]
[Round "2"]
[White "Ali, Abdelmanan"]
[Black "Li, Zeling"]
[Result "1-0"]
[WhiteElo "1489"]
[BlackElo "1058"]
[PlyCount "53"]
[GameId "2160767909381369"]
[EventDate "2013.03.09"]
[EventType "swiss"]
[EventRounds "5"]
[EventCountry "CAN"]
[SourceTitle "EXT 2022"]
[Source "ChessBase"]
[SourceDate "2021.10.06"]
[SourceVersion "1"]
[SourceVersionDate "2021.10.06"]
[SourceQuality "1"]

1. e4 c5 2. f4 e5 3. Nf3 Nc6 4. Bc4 exf4 5. O-O Nf6 6. e5 d6 7. exd6 Bxd6 8. Qe1+ Qe7 9. Qh4 O-O 10. d3 Be5 11. c3 Qd6 12. Nxe5 Qxe5 13. Bxf4 Qh5 14. Qxh5 Nxh5 15. Bd6 Rd8 16. Bxf7+ Kh8 17. Bxh5 Be6 18. Bxc5 Rd5 19. Bf7 Bxf7 20. Rxf7 Rxc5 21. Nd2 b6 22. Raf1 g6 23. d4 Rd5 24. Ne4 Kg8 25. Rc7 Nd8 26. Nf6+ Kh8 27. Rxh7# 1-0